Recherches sur le terrain crétacé supérieur de l'Angleterre et de l'Irlande / (Record no. 189566)
[ view plain ]
| 000 -LEADER | |
|---|---|
| campo de control de longitud fija | 00848nam a2200193 i 4500 |
| 001 - NÚMERO DE CONTROL | |
| campo de control | 189566 |
| 003 - IDENTIFICADOR DE NÚMERO DE CONTROL | |
| campo de control | SpMaBN |
| 005 - FECHA Y HORA DE LA ÚLTIMA TRANSACCIÓN | |
| campo de control | 20230906223513.0 |
| 008 - DATOS DE LONGITUD FIJA--INFORMACIÓN GENERAL | |
| campo de control de longitud fija | 190619s1876 fr ab |||| | fre d |
| 100 1# - ENTRADA PRINCIPAL--NOMBRE DE PERSONA | |
| Nombre de persona | Barrois, Charles. |
| 9 (RLIN) | 26037 |
| 245 10 - MENCIÓN DEL TÍTULO | |
| Título | Recherches sur le terrain crétacé supérieur de l'Angleterre et de l'Irlande / |
| Mención de responsabilidad, etc. | par Charles Barrois. |
| 260 ## - PUBLICACIÓN, DISTRIBUCIÓN, ETC. | |
| Lugar de publicación, distribución, etc. | Lille [Francia] : |
| Nombre del editor, distribuidor, etc. | [s.n.], |
| Fecha de publicación, distribución, etc. | 1876 ( |
| Fabricante | Imp. et Lib. Six-Horemans) |
| 300 ## - DESCRIPCIÓN FÍSICA | |
| Extensión | 232 p., [2] h. de mapas pleg. col. y n., [1] h. de lám. pleg. : |
| Otras características físicas | il. ; |
| Dimensiones | 28 cm. |
| 595 ## - | |
| -- | Extrait des Mémoires de la Société Géologique du Nord, 1876. |
| 650 #7 - PUNTO DE ACCESO ADICIONAL DE MATERIA--TÉRMINO DE MATERIA | |
| Término de materia o nombre geográfico como elemento de entrada | Estratigrafía- |
| Subdivisión geográfica | Inglaterra. |
| 9 (RLIN) | 167369 |
| 650 #7 - PUNTO DE ACCESO ADICIONAL DE MATERIA--TÉRMINO DE MATERIA | |
| Término de materia o nombre geográfico como elemento de entrada | Estratigrafía- |
| Subdivisión geográfica | Irlanda. |
| 9 (RLIN) | 167370 |
| 710 2# - ENTRADA AGREGADA--NOMBRE DE ENTIDAD CORPORATIVA | |
| Nombre de entidad corporativa o nombre de jurisdicción como elemento de entrada | Société Géologique du Nord. |
| 9 (RLIN) | 167368 |
| 852 ## - LOCALIZACIÓN | |
| Ubicación | ES-MaACL |
| Número de control de estantería | L-32444 |
| Nota libre | - Enc. hol. |
| -- | . - Legado Federico de Botella y de Hornos |
| Estatus retirado | Estado de pérdida | Estado de daño | No para préstamo | Colección | Biblioteca de origen | Biblioteca actual | Ubicación en estantería | Fecha de adquisición | Fuente de adquisición | Total de préstamos | Signatura topográfica completa | Código de barras | Visto por última vez | Precio de reemplazo | Tipo de ítem Koha |
|---|---|---|---|---|---|---|---|---|---|---|---|---|---|---|---|
| Libros del s. XIX | Biblioteca del Ateneo de Madrid | Biblioteca del Ateneo de Madrid | Depósito 2 | 19/06/2019 | L-32444 | 1200870 | 23/02/2023 | 23/02/2023 | Libro impreso antiguo |
